00570cam a22002051 4500001001300000003000400013005001700017008004100034010001700075035001900092040002300111042001200134050001800146082001000164100002900174245006200203260005500265300001800320490002600338ca 36001331 DLC20260227111143.0800714s1930 ilu 000 0 eng  aca 36001331  a(OCoLC)6513668 aDLCcRPBdRPBdDLC apremarc00aPN4305.N6bC6 a791.11 aConnor, John Hal,d1896-10aDoughboy minstrels,ba first part,cby J. Hal Conners [!] aChicago,bThe Dramatic Publishing Companyc[c1930] a19 p.c19 cm.0 aSergel's acting drama